טוען...
Introduction to classical mechanics: With problems and solutions
| מחבר ראשי: | |
|---|---|
| פורמט: | Printed Book |
| יצא לאור: |
Cambridge University Press, Cambridge
2013
|
| נושאים: |
| LEADER | 00553nam a2200193 4500 | ||
|---|---|---|---|
| 020 | |a 9780521185028 |c 775 | ||
| 082 | |a 531 MOR-I | ||
| 100 | |a Morin, David | ||
| 245 | |a Introduction to classical mechanics: With problems and solutions | ||
| 250 | |||
| 260 | |a Cambridge University Press, Cambridge |c 2013 | ||
| 300 | |a 719 | ||
| 490 | |||
| 500 | |||
| 590 | |a VMV |c 775 | ||
| 650 | |a Mechanics | ||
| 942 | |c BK | ||
| 999 | |c 85185 |d 85185 | ||
| 952 | |0 0 |1 0 |4 0 |6 531_000000000000000_MORI |7 0 |9 98653 |a PHY |b PHY |g 775.00 |l 0 |o 531 MOR-I |p PHY06843 |r 2019-09-24 |w 2019-09-24 |y BK | ||